| 000 | 01122nam a2200265 a 4500 | ||
|---|---|---|---|
| 001 | BRCA_8460 | ||
| 005 | 20190320210306.0 | ||
| 008 | 091215s1897----sp-#######---#000-0#spa-# | ||
| 041 | _aspa | ||
| 044 | _asp | ||
| 084 |
_aPQ6323 _b.C47 1897 |
||
| 100 | 1 |
_aCervantes Saavedra, Miguel de _d1547-1616 _9213 |
|
| 245 | 1 | 0 |
_aEl Ingenioso Hidalgo Don Quixote de la Mancha _cpor Miguel de Cervantes Saavedra. |
| 260 |
_aBarcelona _bMontaner y Simón Editores _c1897 |
||
| 300 |
_a2 v. _c23 cm. |
||
| 500 | _aFacsímil de : v.1. El ingenioso hidalgo Don Quixote de la Mancha. Madrid: Juan de la Cuesta, 1608. v.2. Segunda parte del ingenioso cavallero Don Quixote de la Mancha. Madrid: Juan de la Cuesta, 1615 | ||
| 500 | _aEstado físico : encuadernación deteriorada y decolorada | ||
| 650 | 1 | 4 |
_aNovela española _yÉpoca clásica, 1500-1700 _9215 |
| 650 | 1 | 4 |
_aLiteratura española _yÉpoca clásica, 1500-1700 _9216 |
| 650 | 1 | 4 |
_aNovela española _ySiglo XVII _9217 |
| 650 | 1 | 4 |
_aDon Quijote (Personaje ficticio) _eNovela _9218 |
| 740 | 0 | _aEl Ingenioso Hidalgo Don Quijote de la Mancha | |
| 902 | _aQAG | ||
| 942 |
_2lcc _cB |
||
| 999 |
_c8127 _d8127 |
||